| 000 -LEADER |
| fixed length control field |
00768nam a2200217Ia 4500 |
| 001 - CONTROL NUMBER |
| control field |
18920 |
| 003 - CONTROL NUMBER IDENTIFIER |
| control field |
GE_BSU |
| 008 - FIXED-LENGTH DATA ELEMENTS--GENERAL INFORMATION |
| fixed length control field |
181216s||||||||xx |||||||||||||| ||und|| |
| 040 ## - CATALOGING SOURCE |
| Transcribing agency |
GE_BSU |
| 245 ## - TITLE STATEMENT |
| Title |
Молекулярная генетика микробиология и вирусология №1.том 34, 2016 |
| 245 ## - TITLE STATEMENT |
| Statement of responsibility, etc. |
Гл. ред.Костров С.В. |
| 260 ## - PUBLICATION, DISTRIBUTION, ETC. |
| Place of publication, distribution, etc. |
Москва |
| 260 ## - PUBLICATION, DISTRIBUTION, ETC. |
| Name of publisher, distributor, etc. |
медицина |
| 260 ## - PUBLICATION, DISTRIBUTION, ETC. |
| Date of publication, distribution, etc. |
2016 |
| 300 ## - PHYSICAL DESCRIPTION |
| Extent |
40стр,29см |
| 653 ## - INDEX TERM--UNCONTROLLED |
| Uncontrolled term |
Молекулярная генетика микробиология и вирусология №1.том 34, 2016 |
| 653 ## - INDEX TERM--UNCONTROLLED |
| Uncontrolled term |
Периодика |
| 653 ## - INDEX TERM--UNCONTROLLED |
| Uncontrolled term |
მოლეკულური გენეტიკა |
| 653 ## - INDEX TERM--UNCONTROLLED |
| Uncontrolled term |
პერიოდიკა |
| 942 ## - ADDED ENTRY ELEMENTS (KOHA) |
| Koha item type |
პერიოდიკა |